000 nam a22 7a 4500
999 _c8660
_d8660
008 180118b ||||| |||| 00| 0 eng d
100 _aArora B
_95026
245 _aABC of Science Biology
260 _aNew Delhi
_bHoly Faith Publication
_c2008